|
|
|
|
| LEADER |
01149nam a2200229 a 4500 |
| 001 |
3793234 |
| 008 |
091229s1995 bg a b 000 0 eng d |
| 999 |
|
|
|c 6507
|d 6507
|
| 010 |
|
|
|a \\96905181
|
| 040 |
|
|
|a LC
|b eng
|c LC
|d NSL:R
|d BD-DhAAL
|
| 082 |
0 |
0 |
|a 305.42095492
|2 21
|
| 245 |
1 |
0 |
|a Women in Bangladesh :
|b equality, development, and peace : national report to the Fourth World Conference on Women, Beijing, 1995.
|
| 260 |
|
|
|a Dhaka :
|b Ministry of Women and Children Affairs, Govt. of the People's Republic of Bangladesh,
|c 1995.
|
| 300 |
|
|
|a vi, 65 p. :
|b map ;
|c 28 cm.
|
| 541 |
1 |
|
|e 00006349
|
| 650 |
|
0 |
|a Women
|z Bangladesh
|x Social conditions.
|9 31391
|
| 650 |
|
0 |
|a Women
|z Bangladesh
|x Economic conditions.
|9 31392
|
| 700 |
1 |
|
|a Bangladesh.
|b Ministry of Women and Children Affairs.
|9 31393
|
| 711 |
2 |
|
|a World Conference on Women
|n (4th :
|d 1995 :
|c Beijing, China)
|9 31394
|
| 852 |
4 |
|
|a Ayesha Abed Library
|j General shelf
|
| 942 |
|
|
|2 ddc
|c BK
|
| 952 |
|
|
|0 0
|1 0
|2 ddc
|4 0
|6 305_420954920000000_WOM_1995
|7 0
|9 6603
|a BRACUL
|b BRACUL
|c GEN
|d 2009-12-30
|g 0.00
|l 1
|m 8
|o 305.42095492 WOM
|p 3010006349
|r 2022-08-22
|s 2022-06-29
|t 1
|w 2009-12-30
|y BK
|x No price found in the accession register.
|